Music Quiz

Random Music or Star Trek Quiz
Score 0/215 Timer 08:00
0 Plays Today
Lyrics % Correct
[Verse 1]
100%
the
100%
the
100%
the
100%
a
100%
a
100%
[Chorus]
100%
Bilbo (Bilbo!)
100%
Bilbo
100%
Baggins
100%
Bilbo (Bilbo!)
100%
Bilbo
100%
Baggins
100%
the
100%
[Verse 2]
100%
a
100%
[Verse 3]
100%
Bilbo
100%
go
100%
a
100%
the
100%
a
100%
the
100%
[Chorus]
100%
[Bridge]
100%
the
100%
a
100%
A
100%
the
100%
a
100%
the
100%
[Chorus]
100%
Bilbo (Bilbo!)
100%
Bilbo
100%
Baggins
100%
The
100%
[Verse 4]
100%
the
100%
a
100%
[Chorus]
100%
hobbit
88.9%
hobbit-hole
88.9%
hobbit
88.9%
hobbit
88.9%
hobbit
88.9%
hobbit-hole!
88.9%
In
77.8%
of
77.8%
in
77.8%
of
77.8%
in
77.8%
and
77.8%
of
77.8%
in
77.8%
and
77.8%
and
77.8%
in
77.8%
of
77.8%
in
77.8%
in
77.8%
of
77.8%
in
77.8%
in
77.8%
of
77.8%
of
77.8%
and
77.8%
in
77.8%
Shire
66.7%
On
66.7%
Shire
66.7%
on
66.7%
on
66.7%
Lyrics % Correct
all
55.6%
With
55.6%
He
55.6%
all!
55.6%
to
55.6%
to
55.6%
to
55.6%
to
55.6%
To
55.6%
he
55.6%
with
55.6%
He
55.6%
He
55.6%
with
55.6%
Gollum!
55.6%
ring
55.6%
he
55.6%
He
55.6%
all!
55.6%
hole
55.6%
all
55.6%
Middle
44.4%
Earth
44.4%
Lives
44.4%
little
44.4%
we
44.4%
lives
44.4%
He's
44.4%
three
44.4%
He's
44.4%
little
44.4%
'em
44.4%
from
44.4%
be
44.4%
one
44.4%
dwarves
44.4%
from
44.4%
elf-king's
44.4%
little
44.4%
'em
44.4%
he's
44.4%
little
44.4%
we
44.4%
land
33.3%
brave
33.3%
his
33.3%
was
33.3%
was
33.3%
dragon
33.3%
goblins!
33.3%
was
33.3%
forest!
33.3%
barrel
33.3%
his
33.3%
land
33.3%
brave
33.3%
A-puffin'
33.3%
his
33.3%
his
33.3%
whom
22.2%
admire
22.2%
long
22.2%
pipe
22.2%
only
22.2%
feet
22.2%
tall
22.2%
bravest
22.2%
Now
22.2%
hobbits
22.2%
know
22.2%
But
22.2%
day
22.2%
Lyrics % Correct
adventure
22.2%
back
22.2%
gold
22.2%
That
22.2%
old.
22.2%
fought
22.2%
troll!
22.2%
riddled
22.2%
magic
22.2%
Escaped
22.2%
halls!
22.2%
bravest
22.2%
Now
22.2%
back
22.2%
That
22.2%
whom
22.2%
admire
22.2%
gold
22.2%
pipe
22.2%
wooden
11.1%
Fuzzy
11.1%
wooly
11.1%
toes
11.1%
everybody
11.1%
knows
11.1%
him.
11.1%
are
11.1%
you
11.1%
don't
11.1%
like
11.1%
home
11.1%
just
11.1%
like
11.1%
asked
11.1%
big
11.1%
their
11.1%
by
11.1%
Well
11.1%
battled
11.1%
stole!
11.1%
chased
11.1%
by
11.1%
wolves!
11.1%
Lost
11.1%
Just
11.1%
treasure
11.1%
peace-loving
0%
folks
0%
They're
0%
never
0%
hurry
0%
they
0%
take
0%
things
0%
slow
0%
They
0%
travel
0%
away
0%
They
0%
eat
0%
left
0%
alone!
0%
caves
0%
below
0%
help
0%
some
0%
get
0%
stolen
0%
days
0%
a-sittin'
0%
silver
0%
Remove Ads.
Support Sporcle.
Get the best of Sporcle when you Go Orange. This ad-free experience offers more features, more stats, and more fun while also helping to support Sporcle. Thank you for becoming a member.

You're not logged in!

Compare scores with friends on all Sporcle quizzes.
OR
Log In

Sporcle TV

Today on Sporcle TV


Watch our educational content, quiz creation guides, and fun videos on Sporcle TV.

Show Comments

Extras

Top Quizzes Today


Score Distribution

Paid Content

Your Account Isn't Verified!

In order to create a playlist on Sporcle, you need to verify the email address you used during registration. Go to your Sporcle Settings to finish the process.

Report this User

Report this user for behavior that violates our Community Guidelines.

Details: